00975cam a2200325 a 4500001000500000005001700005008004100022020003100063040002200094050002500116082001400141100002200155245004200177260004300219300005400262500001700316500002000333500002600353505000600379520006100385521002700446521001800473650002000491650002300511650002000534650001700554655001700571700002800588700003300616138920230823100127.0120719s2013 mnua a 000 0 eng c a9781404881723 (board book) aNJQ/DLCcNJQbeng00aPZ8.3.R243bHuk 201300a398.82231 aReasoner, Charles10aHumpty Dumpty /cby Charles Reasoner. aDongGuan :bLittle Birdie Books,c2012 a8 unnumberd pages :bcolor illustrations ;c17 cm aCover title. aOn board pages. a"A Capstone imprint." aB aAn illustrated version of the traditional nursery rhyme. a160 bLexile estimate aB bRaz-Plus 0aNursery rhymes. 0aChildren's poetry. 1aNursery rhymes. 1aBoard books. 0aBoard books. aReasoner, Chuckcauthor aIntzegian, Tericillustrator